Asian Capitals - Sudden Death - Statistics

General Stats
  • This quiz has been taken 445 times
  • The average score is 9 of 16
Answers on the Grid
Answers color-coded by a green-red scale on the quiz's grid according to % correct below.
Abu Dhabi
Almaty
Athens
Baghdad
Bangkok
Beijing
Beirut
Bishkek
Cairo
Dubai
Dushanbe
Istanbul
Jakarta
Jeddah
Karachi
Lahore
Manama
Manila
Melbourne
Moscow
Mumbai
Muscat
Osaka
Seoul
Shanghai
Sofia
Tbilisi
Tehran
Thimphu
Tokyo
Wellington
Yangon
 
Answer Stats
Answer % Correct
Abu Dhabi
83%
Bangkok
80%
Baghdad
72%
Beijing
69%
Beirut
64%
Jakarta
58%
Bishkek
55%
Manila
51%
Tokyo
46%
Seoul
44%
Tehran
43%
Dushanbe
41%
Muscat
41%
Manama
39%
Tbilisi
38%
Thimphu
35%
No matching quizzes found
Score Distribution
Percent of People with Each Score
Percentile by Number Answered
Your Score History
You have not taken this quiz